| 000 | 00705cam a2200205 a 4500 | ||
|---|---|---|---|
| 020 | _a9789971696146 | ||
| 040 | _cDLC | ||
| 082 | _a333 NUS 2012 A077 Or. | ||
| 100 | 1 | _aKilleen, Timothy J. | |
| 245 | 1 | 4 |
_aThe Cardamom conundrum : _breconciling development and conservation in the kingdom of Cambodia / |
| 260 |
_aSingapore : _bNUS Press, _cc2012. |
||
| 300 |
_axxviii, 354 p. : _bill. (some col.), maps (some col.) ; _c23 cm. |
||
| 650 | 0 | _aRenewable natural resources | |
| 650 | 0 | _aRenewable natural resources | |
| 650 | 0 | _aConservation of natural resources | |
| 650 | 0 | _aConservation of natural resources | |
| 650 | 0 | _aSustainable development | |
| 650 | 0 | _aSustainable development | |
| 942 | _cEK | ||
| 999 |
_c15522 _d15522 |
||